000 00604cam a22002173a 4500
001 45888
003 PGUSA
005 20140828084053.0
008 140605s2014||||xxu|||||s|||||000 | eng d
040 _aPGUSA
_beng
042 _adc
100 1 _aScott, Walter,
_d1771-1832
245 1 0 _aScott's Lady of the Lake
_h[electronic resource] /
_cWalter Scott
260 _bProject Gutenberg,
_c2014
506 _aPublic domain in the USA.
516 _aElectronic text
700 1 _aBacon, Helen E.
830 0 _aProject Gutenberg
_v45888
856 4 0 _uhttp://www.gutenberg.org/ebooks/45888
942 _cEB
999 _c275138
_d275138